000 00563nam a22002177a 4500
003 UA-OsUOA
001 7084
007 ta
008 20040121b un ||||| |||| 00| 0 ukr d
090 _a37
942 _cBK
040 _aUA-OsUOA
_bukr
_cUA-OsUOA
_dUA-OsUOA
245 _aДивослово
_bЩомісячний науково-методичний журнал Міністерства освіти і науки України
955 _a0
041 _aukr
080 _a37
260 _aК.
044 _aUA
650 7 _2UDC
999 _c293245
_d293245